000 00433pab a2200169 454500
008 180718b2012 xxu||||| |||| 00| 0 eng d
100 _aLalvani, Jitendra Kumar
245 _aAdministrative accessibility and secession: A conundrum?
260 _c2012
300 _ap.47-50.
362 _aJul-Dec
650 _aPublic administration
700 _aSingh, Ankita
773 _aReview of Politics
908 _aN
909 _a98331
999 _c98330
_d98330